000 00728nam a2200289Ia 4500
005 20260324111413.0
008 008 260324s9999 xx 000 0 eng d
020 _a9781003436492
037 _aEBOOK
040 _aCRL
040 _beng
040 _cCRL
041 _2eng
041 _aeng
084 _qCRL
100 _aDavid Mason; Silvia Battista
_91138420
245 0 _aMattering Spiritualities
245 0 _bPerformative Experiments for a Radical Imagining of the World Becoming
260 _bTaylor and Francis
260 _c2025
365 _a
365 _b230
856 _uhttp://www.taylorfrancis.com/books/9781003436492
942 _cEBOOK
999 _c1727229
_d1727229